Nomeie um País Válido #3 - Statistics

Estatísticas Gerais
  • Esse quiz foi jogado 4 193 vezes
  • A pontuação média é 12 de 15
Estatísticas das Respostas
Nomeie um país.... Resposta % Correto
Que usa como moeda oficial o Peso Argentina | Chile | Colômbia | Cuba | República Dominicana | Filipinas | México | Uruguai
99%
Pentacampeão da Copa do Mundo de Futebol Masculino Brasil
95%
Que seja membro do Mercosul Argentina | Brasil | Paraguai | Uruguai
93%
Que comece com a letra K Kiribati | Kosovo | Kuwait
93%
Que entrou em guerra contra o Brasil Argentina | Paraguai
92%
Com menos de 50.000 habitantes Vaticano | Nauru | Tuvalu | Palau | San Marino | Liechtenstein | Mônaco
91%
Insular europeu Chipre | Irlanda | Islândia | Malta | Reino Unido
84%
"Cortado" pelo Meridiano de Greenwich Espanha | França | Reino Unido | Argélia | Burquina Faso | Gana | Mali
83%
com a Cruz Escandinava presente em sua bandeira Dinamarca | Finlândia | Islândia | Noruega | Suécia
77%
com o Budismo como religião oficial Butão | Camboja | Tailândia
76%
Que tem o Persa como língua oficial Afeganistão | Irã | Tajiquistão
72%
com a capital nacional com a letra inicial V Liechtenstein | Malta | Polônia | Áustria | Laos | Lituânia | Namíbia | Seychelles
69%
Que é banhado pelo Rio Eufrates Iraque | Síria | Turquia
62%
Com o Presidente/Primeiro-Ministro no poder atualmente a mais de 20 anos Belarus | Camboja | Camarões | Congo | Eritreia | Guiné Equatorial | Irã | Ruanda | Tajiquistão | Síria
52%
Onde fica localziado o Monte Sinai Egito
50%
Nenhum quiz correspondente encontrado
Distribuição das Pontuações
Porcentagem de Pessoas com Cada Pontuação
Percentil de Números Respondidos
Sua Pontuação Histórica
Você não jogou esse quiz